[Event "City of Adelaide"]
[Site "Adelaide"]
[Date "2009.07.28"]
[Round "3.6"]
[White "Daenke, Stephen"]
[Black "Turcaj, Pavel"]
[Result "1/2-1/2"]
[WhiteElo "1210"]
[BlackElo "1530"]
[PlyCount "85"]
[EventDate "2009.07.14"]
[EventType "swiss"]
[EventRounds "9"]
[EventCountry "AUS"]

1. e4 e5 2. Nf3 Nf6 3. Nxe5 Nc6 4. Nf3 Nxe4 5. Nc3 d5 6. Bb5 Bc5 7. d4 Bb4 8.
Bd2 O-O 9. Bxc6 Bxc3 10. bxc3 bxc6 11. O-O Bg4 12. c4 Nxd2 13. Qxd2 Bxf3 14.
gxf3 dxc4 15. Rfe1 Qf6 16. Qe3 g6 17. f4 Rae8 18. Qxe8 Rxe8 19. Rxe8+ Kg7 20.
Re4 c5 21. c3 Qf5 22. f3 cxd4 23. Rxd4 Qe6 24. Rad1 Qe3+ 25. Kg2 Qxc3 26. R1d2
c5 27. Rd7 Qb4 28. Rc2 a5 29. Rdd2 a4 30. Re2 c3 31. f5 g5 32. Re3 Qf4 33.
Rexc3 Qxf5 34. Rxc5 Qf6 35. Ra5 Qf4 36. Rac5 g4 37. R5c3 gxf3+ 38. Rxf3 Qe4 39.
Rcf2 f6 40. Kg1 Qb1+ 41. Kg2 Qe4 42. Kg1 Qb1+ 43. Kg2 1/2-1/2

[Event "City of Adelaide"]
[Site "Adelaide"]
[Date "2009.07.28"]
[Round "3.9"]
[White "Atrens, Karlis"]
[Black "Branson, Edward"]
[Result "0-1"]
[WhiteElo "1085"]
[BlackElo "1056"]
[PlyCount "90"]

1. c4 e5 2. g3 Nf6 3. Bg2 c6 4. Nc3 d5 5. Qa4 dxc4 6. Qxc4 Be6 7. Qa4 Bd6 8.
Nf3 O-O 9. d3 Nbd7 10. O-O b5 11. Qc2 Qb6 12. Be3 Bc5 13. Nd1 Bxe3 14. Nxe3
Rac8 15. Ng5 h6 16. Nxe6 fxe6 17. Bh3 Rce8 18. b4 c5 19. bxc5 Nxc5 20. Rab1 Qc6
21. Rfc1 Rc8 22. Qb2 Qd6 23. Qxb5 Kh8 24. Qa5 Rf7 25. Nc4 Qd4 26. e3 Qd5 27.
Bg2 e4 28. d4 Nd3 29. Rb5 Qc6 30. Rc3 Ng4 31. Nd6 Qxc3 32. Nxf7+ Kg8 33. Qxc3
Rxc3 34. Nd6 Rc1+ 35. Bf1 Ngxf2 36. Ra5 Ng4 37. Rxa7 Nxe3 38. Rf7 Ne1 39. Nxe4
Kxf7 40. Kf2 Ng4+ 41. Ke2 Nxh2 42. Kd2 Rc2+ 43. Kxe1 Nxf1 44. Kxf1 Rxa2 45. Ke1
Ra4 0-1

[Event "City of Adelaide"]
[Site "Adelaide"]
[Date "2009.07.28"]
[Round "3.10"]
[White "Fitzpatrick, James"]
[Black "Anderson-Smith, William"]
[Result "0-1"]
[WhiteElo "1401"]
[BlackElo "1551"]
[PlyCount "66"]
[EventDate "2009.07.14"]
[EventType "swiss"]
[EventRounds "9"]
[EventCountry "AUS"]

1. d4 d5 2. Nf3 e6 3. e3 Nf6 4. Bd3 c5 5. b3 Nc6 6. Bb2 cxd4 7. exd4 Bd6 8. O-O
O-O 9. a3 Bd7 10. Re1 Rc8 11. Nbd2 Bb8 12. Ne5 a6 13. Ndf3 b5 14. Qe2 Qb6 15.
Nxd7 Nxd7 16. Bxh7+ Kxh7 17. Ng5+ Kg8 18. Rad1 Nf6 19. Rd3 Ne7 20. Rh3 Ng6 21.
Nh7 Nxh7 22. Rxh7 Kxh7 23. Qh5+ Kg8 24. c3 Bf4 25. Rd1 Bh6 26. g3 Qd8 27. f4
Qf6 28. Rf1 Qf5 29. Qe2 Qe4 30. Qd1 Bxf4 31. gxf4 Nxf4 32. Qg4 Ne2+ 33. Kf2
Qxg4 0-1

[Event "City of Adelaide"]
[Site "Adelaide"]
[Date "2009.08.03"]
[Round "3.11"]
[White "Bortsova, Natasha"]
[Black "Glascott, Brent"]
[Result "1-0"]
[WhiteElo "1436"]
[BlackElo "1126"]
[PlyCount "141"]
[EventDate "2009.07.14"]
[EventType "swiss"]
[EventRounds "9"]
[EventCountry "AUS"]

1. d4 Nf6 2. c4 e6 3. a3 b6 4. Nc3 Bb7 5. f3 d5 6. cxd5 Nxd5 7. e4 Nxc3 8. bxc3
Be7 9. Be3 O-O 10. Bd3 Nd7 11. Ne2 c5 12. O-O cxd4 13. cxd4 e5 14. d5 Nc5 15.
Ng3 Nxd3 16. Qxd3 a5 17. Qd2 Bc8 18. Qb2 Bd7 19. Qxb6 Qxb6 20. Bxb6 Rfb8 21.
Bc7 Re8 22. d6 Bd8 23. Rfd1 Bg5 24. Kf2 Ra6 25. Rab1 g6 26. Rd5 a4 27. Ne2 Kg7
28. g3 Kf6 29. h4 Bh6 30. g4 Bf8 31. g5+ Kg7 32. Ke3 f5 33. Rb7 Kf7 34. Rb1 Rc6
35. Rc1 Ra6 36. Rc2 h6 37. Nc1 hxg5 38. hxg5 f4+ 39. Ke2 Bg7 40. Nd3 Rh8 41.
Nxe5+ Ke6 42. Nxg6 Rh2+ 43. Kd3 Rxc2 44. Kxc2 Bc6 45. Nxf4+ Kd7 46. Rf5 Ba1 47.
Rf7+ Ke8 48. Re7+ Kf8 49. Ne6+ Kg8 50. d7 Bxd7 51. Rxd7 Rc6+ 52. Kb1 Rxe6 53.
Kxa1 Rc6 54. Be5 Re6 55. f4 Rc6 56. f5 Rc4 57. f6 Rxe4 58. f7+ Kf8 59. Bd6+ Kg7
60. f8=Q+ Kg6 61. Qf6+ Kh5 62. Rh7+ Kg4 63. Qc3 Kxg5 64. Qg3+ Kf5 65. Rf7+ Ke6
66. Re7+ Kd5 67. Qd3+ Rd4 68. Re5+ Kxd6 69. Qxd4+ Kc6 70. Rh5 Kc7 71. Rh6 1-0

[Event "City of Adelaide"]
[Site "Adelaide"]
[Date "2009.07.28"]
[Round "3.12"]
[White "Lower, Kevin"]
[Black "Whitney, Garth"]
[Result "1/2-1/2"]
[WhiteElo "938"]
[BlackElo "919"]
[PlyCount "86"]

1. d4 d6 2. Nf3 g6 3. c4 Bg7 4. Nc3 Nf6 5. e4 Bg4 6. h3 Bxf3 7. Qxf3 Nbd7 8.
Be3 O-O 9. Bd3 e5 10. d5 c6 11. O-O cxd5 12. Nxd5 Nxd5 13. cxd5 b6 14. Rac1 Nc5
15. Bb1 Rc8 16. b4 Nd7 17. Rxc8 Qxc8 18. Rc1 Qd8 19. Qe2 a5 20. a3 axb4 21.
axb4 Bf6 22. Rc6 Nb8 23. Bxb6 Qe7 24. Rc3 Qb7 25. Ba5 Bd8 26. Bxd8 Rxd8 27. b5
Rc8 28. Rxc8+ Qxc8 29. Qc2 Qb7 30. Qd3 Nd7 31. Qc4 Nc5 32. Bd3 Qa7 33. Kh2 Nxd3
34. Qxd3 Qxf2 35. Qc4 Qb6 36. Qc6 Qd4 37. b6 Qxe4 38. Qc8+ Kg7 39. Qc6 Qf4+ 40.
Kg1 Qd4+ 41. Kh2 Qf4+ 42. Kg1 Qe3+ 43. Kh2 Qf4+ 1/2-1/2

[Event "City of Adelaide"]
[Site "Adelaide"]
[Date "2009.08.04"]
[Round "4.1"]
[White "Juszczynski, Mathew"]
[Black "Mdinaradze, Edgar"]
[Result "0-1"]
[WhiteElo "1872"]
[BlackElo "1853"]
[PlyCount "108"]
[EventDate "2009.07.14"]
[EventType "swiss"]
[EventRounds "9"]
[EventCountry "AUS"]

1. e4 e5 2. Nf3 Nc6 3. Bb5 a6 4. Ba4 Nf6 5. O-O Be7 6. Re1 b5 7. Bb3 O-O 8. c3
d6 9. h3 h6 10. d4 Re8 11. Nbd2 Bf8 12. d5 Ne7 13. Nf1 Ng6 14. a4 Rb8 15. Ng3
Nf4 16. axb5 axb5 17. Be3 Bd7 18. Qd2 g5 19. Ra7 Qc8 20. h4 Nh7 21. hxg5 hxg5
22. Rea1 Be7 23. Ne1 g4 24. Nc2 Bh4 25. Nb4 Qd8 26. Nc6 Bxc6 27. dxc6 Ne6 28.
Nf5 Bg5 29. Bd5 Rc8 30. Bxg5 Nhxg5 31. Nh6+ Kg7 32. Nxg4 Rh8 33. Bxe6 Nxe6 34.
g3 Rh5 35. Ne3 Qh8 36. Nf5+ Kf6 37. Nh4 Rxh4 38. gxh4 Qxh4 39. Ra8 Rxa8 40.
Rxa8 Qg4+ 41. Kh2 Ng5 42. Qxg5+ Qxg5 43. Ra7 Qh5+ 44. Kg1 Qe2 45. Rxc7 Qc4 46.
Kg2 d5 47. f3 d4 48. cxd4 exd4 49. Rc8 d3 50. c7 b4 51. Kf2 Qc2+ 52. Ke3 Qe2+
53. Kf4 Qd2+ 54. Kg4 Qg5+ 0-1

[Event "City of Adelaide"]
[Site "Adelaide"]
[Date "2009.08.04"]
[Round "4.2"]
[White "Cloudsdale, Colin"]
[Black "Thiyagarajah, Anand"]
[Result "0-1"]
[WhiteElo "1928"]
[BlackElo "1764"]
[PlyCount "100"]
[EventDate "2009.07.14"]
[EventType "swiss"]
[EventRounds "9"]
[EventCountry "AUS"]

1. e4 d5 2. exd5 Qxd5 3. Nc3 Qa5 4. Qf3 c6 5. Bc4 Nf6 6. h3 e5 7. Nge2 Nbd7 8.
O-O Be7 9. Ng3 O-O 10. Nf5 Bb4 11. g4 Nb6 12. Bb3 Be6 13. Ne4 Nxe4 14. Qxe4
Bxf5 15. Qxf5 Bxd2 16. Bxd2 Qxd2 17. Rad1 Qf4 18. Qxf4 exf4 19. Rd4 g5 20. Rfd1
Rfe8 21. R1d2 Kg7 22. Kg2 Re5 23. Kf3 Rae8 24. Rd6 R8e7 25. c3 Rc5 26. R2d4
Rce5 27. Rd2 Rc5 28. R6d4 Rce5 29. Bc2 Re1 30. Re4 R7xe4 31. Bxe4 Nc4 32. Rd4
Ne5+ 33. Kg2 c5 34. Rd5 Rxe4 35. Rxc5 Re2 36. Rd5 h6 37. b4 Nc4 38. Rc5 Nd6 39.
Rc7 Rxa2 40. Kf3 b6 41. c4 Ra3+ 42. Kg2 Ne4 43. c5 bxc5 44. bxc5 f3+ 45. Kh2
Nxf2 46. c6 Rc3 47. Rxa7 Rxc6 48. Kg3 Rc2 49. Ra3 Nd1 50. Rxf3 Rc3 0-1

[Event "City of Adelaide"]
[Site "Adelaide"]
[Date "2009.08.04"]
[Round "4.3"]
[White "Branson, Edward"]
[Black "Paprzycki, Eryk"]
[Result "0-1"]
[WhiteElo "1045"]
[BlackElo "1556"]
[PlyCount "68"]
[EventDate "2009.07.14"]
[EventType "swiss"]
[EventRounds "9"]
[EventCountry "AUS"]

1. e4 c5 2. Nf3 d6 3. d4 cxd4 4. Nxd4 Nf6 5. Nc3 a6 6. Bd2 e6 7. Bd3 Be7 8. Nf3
Qc7 9. Qe2 Nbd7 10. O-O b5 11. a3 Bb7 12. h3 e5 13. b4 O-O 14. Rac1 Rfe8 15.
Nb1 Nb6 16. Bg5 Rac8 17. Nbd2 Nc4 18. Ra1 h6 19. Bh4 Nh5 20. Bxe7 Rxe7 21. Bxc4
bxc4 22. Nh4 Nf6 23. c3 Re6 24. f3 Nh5 25. Nf5 Nf4 26. Qf2 Rg6 27. Kh1 Rxg2 28.
Qh4 Rxd2 29. Rg1 Ng6 30. Nxh6+ gxh6 31. Qxh6 Rd3 32. Rg3 Bxe4 33. Rag1 Rxf3 34.
Rg4 Rxh3# 0-1

[Event "City of Adelaide"]
[Site "Adelaide"]
[Date "2009.08.04"]
[Round "4.4"]
[White "Staak, Eric"]
[Black "Mading, John Thon"]
[Result "1-0"]
[WhiteElo "1488"]
[BlackElo "1412"]
[PlyCount "84"]
[EventDate "2009.07.14"]
[EventType "swiss"]
[EventRounds "9"]
[EventCountry "AUS"]

1. e4 d5 2. exd5 Qxd5 3. Nc3 Qd8 4. Nf3 Nf6 5. d4 c6 6. Bc4 e6 7. Bg5 Be7 8.
O-O h6 9. Bh4 Qa5 10. Qe2 Qh5 11. Bg3 Nbd7 12. Rfe1 Nb6 13. Bd3 Qa5 14. a3 Nbd5
15. Nxd5 Nxd5 16. c4 Nf6 17. b4 Qd8 18. Rad1 Bd6 19. Be5 Bxe5 20. Nxe5 Nd7 21.
Nxf7 Kxf7 22. Qxe6+ Kf8 23. Qd6+ Kg8 24. Bg6 Qf6 25. Re6 Qxg6 26. Rxg6 Kh7 27.
Qg3 Rg8 28. Qd3 Kh8 29. Re1 Nf8 30. Rg3 g6 31. d5 g5 32. Qd4+ Kh7 33. Re7+ Kg6
34. h4 Bf5 35. hxg5 hxg5 36. Qe3 Nh7 37. d6 g4 38. f3 Nf6 39. fxg4 Bxg4 40. Qf4
Raf8 41. Rxg4+ Nxg4 42. Qxg4+ Kf6 1-0

[Event "City of Adelaide"]
[Site "Adelaide"]
[Date "2009.08.04"]
[Round "4.5"]
[White "Turcaj, Pavel"]
[Black "Kerr, Bill"]
[Result "0-1"]
[WhiteElo "1530"]
[BlackElo "1894"]
[PlyCount "70"]
[EventDate "2009.07.14"]
[EventType "swiss"]
[EventRounds "9"]
[EventCountry "AUS"]

1. e4 Nc6 2. d4 e5 3. Nf3 exd4 4. Nxd4 Qh4 5. Nxc6 Qxe4+ 6. Qe2 Qxe2+ 7. Bxe2
dxc6 8. Nc3 Bf5 9. Bd3 Bxd3 10. cxd3 O-O-O 11. Ke2 f5 12. Bg5 Rd7 13. Rad1 h6
14. Bc1 Nf6 15. f3 Bd6 16. g3 Re8+ 17. Kd2 f4 18. g4 Nd5 19. Nxd5 cxd5 20. Kc2
Re2+ 21. Rd2 Rde7 22. Kd1 R2e3 23. Rf1 Bb4 24. Rg2 Re1+ 25. Rxe1 Rxe1+ 26. Kc2
g5 27. a3 Bc5 28. b4 Bd4 29. h4 Rf1 30. hxg5 hxg5 31. Rh2 Rxf3 32. Rh5 Rf2+ 33.
Kb3 Rf1 34. Kc2 f3 35. Rxg5 Rxc1+ 0-1

[Event "City of Adelaide"]
[Site "Adelaide"]
[Date "2009.08.04"]
[Round "4.6"]
[White "Anderson-Smith, William"]
[Black "Daenke, Stephen"]
[Result "1/2-1/2"]
[WhiteElo "1551"]
[BlackElo "1210"]
[PlyCount "101"]
[EventDate "2009.07.14"]
[EventType "swiss"]
[EventRounds "9"]
[EventCountry "AUS"]

1. d4 Nf6 2. c4 e6 3. Nf3 Bb4+ 4. Bd2 Qe7 5. g3 Nc6 6. Bg2 Bxd2+ 7. Qxd2 Ne4 8.
Qc2 Qb4+ 9. Nc3 Nxc3 10. Qxc3 Qxc3+ 11. bxc3 d6 12. O-O O-O 13. Nd2 Ne7 14.
Rab1 Rb8 15. a4 Ng6 16. a5 e5 17. Rb2 Re8 18. e3 f5 19. Bd5+ Kh8 20. Rfb1 b6
21. axb6 axb6 22. Ra1 Ne7 23. Ra7 Nxd5 24. cxd5 exd4 25. cxd4 Bb7 26. Rc2 Rec8
27. f3 Bxd5 28. Rcxc7 Rxc7 29. Rxc7 b5 30. e4 fxe4 31. fxe4 Bg8 32. d5 b4 33.
Nb3 Rb6 34. Kf2 h6 35. Ke3 Kh7 36. Kd4 Kg6 37. g4 Bf7 38. e5 dxe5+ 39. Kxe5 Rb5
40. Rc5 Rxc5 41. Nxc5 Bxd5 42. Kxd5 Kg5 43. h3 Kh4 44. Ke4 Kxh3 45. Kf3 Kh4 46.
Nb3 Kg5 47. Nd2 g6 48. Kg3 Kf6 49. Kf4 Ke6 50. Ke4 h5 51. gxh5 1/2-1/2

[Event "City of Adelaide"]
[Site "Adelaide"]
[Date "2009.08.04"]
[Round "4.7"]
[White "Haydn, Gavin"]
[Black "Shohani, Ammar"]
[Result "1-0"]
[WhiteElo "1464"]
[BlackElo "1522"]
[PlyCount "97"]
[EventDate "2009.07.14"]
[EventType "swiss"]
[EventRounds "9"]
[EventCountry "AUS"]

1. d4 f5 2. c4 Nf6 3. Nc3 e6 4. h4 c6 5. Qc2 d5 6. cxd5 cxd5 7. Nf3 Be7 8. e3
a6 9. Be2 Nc6 10. O-O Qc7 11. Bd2 O-O 12. g3 Bd7 13. Rac1 Rac8 14. Qd1 Qd8 15.
Kg2 Ne4 16. h5 h6 17. Rh1 Bd6 18. Be1 Qc7 19. Nh4 Qb8 20. Ng6 Rf6 21. f4 Qa7
22. g4 Nxc3 23. Rxc3 fxg4 24. Bxg4 Be8 25. Ne5 Bb4 26. Bh4 Bxc3 27. Bxf6 Bf7
28. Nxf7 Rc7 29. Nxh6+ Kf8 30. bxc3 gxf6 31. Bxe6 Qb6 32. Qf3 Rg7+ 33. Kh3 Nxd4
34. cxd4 Qxe6+ 35. f5 Qc6 36. Ng4 Rg5 37. Kh4 b5 38. Qf4 Kg7 39. Nxf6 Rg2 40.
Kh3 Qc2 41. Ng4 Qe2 42. Qe5+ Kf8 43. Qd6+ Ke8 44. Nf6+ Kf7 45. Qe6+ Kf8 46.
Nd7+ Kg7 47. h6+ Kh7 48. Nf8+ Kh8 49. Qf6+ 1-0

[Event "City of Adelaide"]
[Site "Adelaide"]
[Date "2009.08.04"]
[Round "4.10"]
[White "Whitney, Garth"]
[Black "Atrens, Karlis"]
[Result "0-1"]
[WhiteElo "919"]
[BlackElo "1085"]
[PlyCount "55"]
[EventDate "2009.07.14"]
[EventType "swiss"]
[EventRounds "9"]
[EventCountry "AUS"]

1. e4 c6 2. d4 d5 3. exd5 cxd5 4. c4 Nf6 5. Nf3 Bg4 6. Nc3 e6 7. Bg5 Be7 8. Be2
O-O 9. O-O Nc6 10. Re1 Rc8 11. a3 Bd6 12. c5 Bb8 13. b4 a6 14. a4 Nxb4 15. Qb3
a5 16. Nb5 Bxf3 17. Bxf3 Nc6 18. Qb2 b6 19. Nd6 Bxd6 20. cxd6 Nb4 21. Red1 Qxd6
22. Bxf6 gxf6 23. Qe2 Qf4 24. g3 Qg5 25. h4 Qg6 26. Qd2 Qf5 27. Be2 Rc2 28. Qd3
0-1

[Event "City of Adelaide"]
[Site "Adelaide"]
[Date "2009.08.04"]
[Round "4.11"]
[White "Fitzpatrick, James"]
[Black "Lower, Kevin"]
[Result "0-1"]
[WhiteElo "1401"]
[BlackElo "1051"]
[PlyCount "70"]
[EventDate "2009.07.14"]
[EventType "swiss"]
[EventRounds "9"]
[EventCountry "AUS"]

1. d4 d5 2. Nf3 e6 3. e3 Nf6 4. Bd3 Nbd7 5. b3 c5 6. O-O Be7 7. Bb2 Nb6 8. Nbd2
Bd7 9. Ne5 a6 10. a4 Bc6 11. Qe1 Nbd7 12. Ndf3 Nxe5 13. Nxe5 O-O 14. f4 cxd4
15. exd4 Nd7 16. Rf3 Nxe5 17. fxe5 b5 18. Rh3 g6 19. Qg3 bxa4 20. Bc1 Bb5 21.
Be3 Bxd3 22. cxd3 f5 23. Rh6 Rf7 24. bxa4 Qf8 25. Rf1 Rc8 26. h4 Rg7 27. Qh3
Rc7 28. Bg5 Bxg5 29. hxg5 Qe7 30. Qe3 Qa3 31. g4 Rc3 32. gxf5 Rxd3 33. Qf2 gxf5
34. Kh1 Rh3+ 35. Rxh3 Qxh3+ 0-1

[Event "City of Adelaide"]
[Site "Adelaide"]
[Date "2009.08.11"]
[Round "5.1"]
[White "Thiyagarajah, Anand"]
[Black "Mdinaradze, Edgar"]
[Result "1-0"]
[WhiteElo "1764"]
[BlackElo "1853"]
[PlyCount "189"]
[EventDate "2009.07.14"]
[EventType "swiss"]
[EventRounds "9"]
[EventCountry "AUS"]

1. e4 e5 2. Nf3 Nc6 3. Bb5 a6 4. Ba4 Nf6 5. O-O b5 6. Bb3 Be7 7. Re1 O-O 8. c3
d6 9. h3 h6 10. d4 Bd7 11. Nbd2 Re8 12. Nf1 Bf8 13. Ng3 Na5 14. Bc2 c5 15. d5
g6 16. b3 Nh7 17. Bd2 Bg7 18. Qc1 h5 19. Bh6 Qe7 20. Bxg7 Kxg7 21. Re3 Rf8 22.
Qd1 h4 23. Nf1 g5 24. N3h2 Nf6 25. Nf3 Nh7 26. N3h2 Nf6 27. Nf3 Ng8 28. Qd2 Nh6
29. Nxg5 Rg8 30. Nf3 Kh7 31. Kh2 Rg6 32. Ne1 Rag8 33. Rf3 f6 34. Rd1 Nb7 35. g3
Qg7 36. Qe3 Nd8 37. Ng2 Ndf7 38. Nxh4 Ng5 39. Nxg6 Qxg6 40. g4 Nxf3+ 41. Qxf3
Nf7 42. Ne3 Rh8 43. Nf5 Qg5 44. Qe3 Kg6 45. Qxg5+ Kxg5 46. Kg3 a5 47. h4+ Kg6
48. Rh1 Kh7 49. Bd3 Rb8 50. Ra1 Ra8 51. Rb1 Rb8 52. f4 Bxf5 53. exf5 exf4+ 54.
Kxf4 Ne5 55. Be4 Kg7 56. g5 Rh8 57. Rh1 Rc8 58. h5 fxg5+ 59. Kxg5 Nf7+ 60. Kf4
Rh8 61. Rg1+ Kf8 62. Bf3 Ne5 63. Rg5 Kf7 64. Be2 c4 65. bxc4 bxc4 66. Rg2 a4
67. Bd1 a3 68. Rh2 Kf6 69. Be2 Rh7 70. h6 Nf7 71. Bxc4 Nxh6 72. Bd3 Rh8 73. c4
Nf7 74. Rxh8 Nxh8 75. Ke4 Nf7 76. Kd4 Ne5 77. Bc2 Nd7 78. Kc3 Ke5 79. Kb3 Kd4
80. Kb4 Ne5 81. Bb3 Ke4 82. Kxa3 Kxf5 83. Kb4 Kf6 84. Kb5 Ke7 85. a4 Kd7 86.
Kb6 Kc8 87. a5 Kb8 88. a6 Nd7+ 89. Kc6 Nc5 90. Bc2 Nxa6 91. Kxd6 Kb7 92. Ke7
Nc5 93. d6 Kc6 94. Bf5 Nb7 95. Be4+ 1-0

[Event "City of Adelaide"]
[Site "Adelaide"]
[Date "2009.08.11"]
[Round "5.2"]
[White "Staak, Eric"]
[Black "Juszczynski, Mathew"]
[Result "0-1"]
[WhiteElo "1488"]
[BlackElo "1872"]
[PlyCount "58"]
[EventDate "2009.07.14"]
[EventType "swiss"]
[EventRounds "9"]
[EventCountry "AUS"]

1. d4 Nf6 2. f3 g6 3. e4 d6 4. Nc3 Bg7 5. Bc4 O-O 6. Bg5 c5 7. Nge2 cxd4 8.
Nxd4 Nc6 9. Nxc6 bxc6 10. Bb3 a5 11. Qd2 Qb6 12. O-O-O a4 13. Nxa4 Rxa4 14. Be3
c5 15. e5 Ne4 16. fxe4 Bxe5 17. c3 Rxe4 18. Rhf1 Ba6 19. Rxf7 Rxf7 20. Bxf7+
Kh8 21. Qf2 Bf6 22. g4 Qa5 23. Rxd6 Kg7 24. Bd5 Rxe3 25. Qxe3 exd6 26. g5 Be5
27. Qh3 Qd8 28. Qh6+ Kh8 29. h4 Bg7 0-1

[Event "City of Adelaide"]
[Site "Adelaide"]
[Date "2009.08.11"]
[Round "5.3"]
[White "Paprzycki, Eryk"]
[Black "Searle, Zachary"]
[Result "1-0"]
[WhiteElo "1556"]
[BlackElo "1746"]
[PlyCount "61"]
[EventDate "2009.07.14"]
[EventType "swiss"]
[EventRounds "9"]
[EventCountry "AUS"]

1. d4 Nf6 2. c4 g6 3. Nc3 Bg7 4. e4 d6 5. f3 O-O 6. Be3 c5 7. Nge2 Nc6 8. g4 b6
9. d5 Ne5 10. Ng3 Ba6 11. b3 Bc8 12. Rc1 e6 13. Be2 Bb7 14. h4 exd5 15. cxd5 c4
16. b4 Nfd7 17. f4 Nd3+ 18. Bxd3 cxd3 19. Qxd3 h6 20. Bd4 Bxd4 21. Qxd4 Rc8 22.
Kf2 a6 23. Qd2 Qf6 24. g5 Qg7 25. gxh6 Qxh6 26. h5 Qg7 27. Nf5 Qf6 28. Nh6+ Kg7
29. Ng4 Qe7 30. f5 Nf6 31. Qd4 1-0

[Event "City of Adelaide"]
[Site "Adelaide"]
[Date "2009.08.11"]
[Round "5.4"]
[White "Kerr, Bill"]
[Black "Vuckov, George"]
[Result "1-0"]
[WhiteElo "1894"]
[BlackElo "1237"]
[PlyCount "87"]

1. Nf3 c5 2. g3 b6 3. Bg2 Bb7 4. O-O Nf6 5. d3 e6 6. e4 d6 7. Nbd2 Be7 8. c3
O-O 9. Re1 Qc7 10. h3 Nbd7 11. Nf1 Rfe8 12. g4 Nf8 13. g5 N6d7 14. h4 f6 15.
Ng3 Qd8 16. d4 Rb8 17. Be3 d5 18. Nd2 fxg5 19. hxg5 Bxg5 20. e5 Ng6 21. Qg4
Bxe3 22. fxe3 Qh4 23. Bh3 Re7 24. Rf1 Ba6 25. Rf2 Rf8 26. Rxf8+ Ndxf8 27. c4
cxd4 28. exd4 Rf7 29. cxd5 exd5 30. Re1 Qxg4 31. Bxg4 Rf4 32. Bh3 Ne7 33. Rc1
g5 34. Rc7 Nfg6 35. Nh5 Rxd4 36. Nf3 Rd1+ 37. Kf2 h6 38. Rxa7 Bb5 39. Rb7 Rb1
40. Nd4 Rxb2+ 41. Ke1 Ba4 42. Be6+ Kh7 43. Nf6+ Kg7 44. Nf5+ 1-0

[Event "City of Adelaide"]
[Site "Adelaide"]
[Date "2009.08.11"]
[Round "5.5"]
[White "Haydn, Gavin"]
[Black "Anderson-Smith, William"]
[Result "1-0"]
[WhiteElo "1464"]
[BlackElo "1551"]
[PlyCount "76"]
[EventDate "2009.07.14"]
[EventType "swiss"]
[EventRounds "9"]
[EventCountry "AUS"]

1. e4 b6 2. d4 Bb7 3. Nc3 e6 4. a3 Nf6 5. Bd3 Be7 6. Nf3 O-O 7. e5 Nd5 8. Ne4
f5 9. Neg5 Qe8 10. c4 Bxg5 11. Nxg5 Ne7 12. O-O Qg6 13. Be2 f4 14. Nf3 c5 15.
Bd3 Qe8 16. Qc2 g6 17. Be4 Nbc6 18. Rd1 cxd4 19. Nxd4 Rc8 20. Nb5 Rb8 21. Nd6
Qd8 22. b4 Kg7 23. Bb2 Qc7 24. Rd2 Ba8 25. Rad1 Rfd8 26. h4 a6 27. Rd3 Na7 28.
Rf3 Rf8 29. a4 Rbd8 30. Rh3 Bxe4 31. Qxe4 Qc6 32. Qd3 Qxa4 33. Bc3 Kg8 34. Ne4
Nf5 35. h5 Kg7 36. Ng5 Rh8 37. hxg6 hxg6 38. Rxh8 Kxh8 1-0

[Event "City of Adelaide"]
[Site "Adelaide"]
[Date "2009.08.11"]
[Round "5.6"]
[White "Daenke, Stephen"]
[Black "Cloudsdale, Colin"]
[Result "0-1"]
[WhiteElo "1210"]
[BlackElo "1928"]
[PlyCount "34"]
[EventDate "2009.07.14"]
[EventType "swiss"]
[EventRounds "9"]
[EventCountry "AUS"]

1. d4 Nf6 2. c4 e6 3. Nf3 b6 4. g3 Bb7 5. Bg2 d5 6. O-O Nbd7 7. cxd5 exd5 8.
Nc3 a6 9. e4 dxe4 10. Ng5 Be7 11. Ncxe4 Nxe4 12. Nxe4 Ra7 13. Qg4 g6 14. Ng5
Bxg2 15. Kxg2 O-O 16. Re1 Nf6 17. Be3 Nxg4 0-1

[Event "City of Adelaide"]
[Site "Adelaide"]
[Date "2009.08.11"]
[Round "5.7"]
[White "Bortsova, Natasha"]
[Black "Ivkovic, Novica"]
[Result "0-1"]
[WhiteElo "1436"]
[BlackElo "1542"]
[PlyCount "90"]

1. d4 Nc6 2. d5 Nb8 3. e4 Nf6 4. e5 Ng8 5. Bd3 c6 6. c4 cxd5 7. cxd5 Qa5+ 8.
Nc3 e6 9. Qf3 Na6 10. Bxa6 Qxa6 11. d6 Rb8 12. Nh3 h6 13. a4 Qa5 14. Qe2 a6 15.
O-O g6 16. Bd2 Bg7 17. Nb5 Qd8 18. Nc7+ Kf8 19. Rfe1 Qh4 20. Bf4 f5 21. Bg3 Qb4
22. Nf4 Kf7 23. h4 h5 24. Nh3 Bh6 25. f4 a5 26. Ng5+ Bxg5 27. fxg5 b6 28. Red1
Bb7 29. Be1 Qf4 30. Bf2 Bc6 31. g3 Qg4 32. Qxg4 hxg4 33. Rd4 Rb7 34. b4 Ne7 35.
b5 Bf3 36. dxe7 Rxc7 37. Rd6 Kxe7 38. Bxb6 Rc2 39. Bf2 Rhc8 40. Kf1 Rb2 41. Bd4
Rg2 42. h5 Rcc2 43. hxg6 Rh2 44. Re1 Rh1+ 45. Bg1 Bg2# 0-1

[Event "City of Adelaide"]
[Site "Adelaide"]
[Date "2009.08.11"]
[Round "5.8"]
[White "Mading, John Thon"]
[Black "Branson, Edward"]
[Result "1-0"]
[WhiteElo "1412"]
[BlackElo "1045"]
[PlyCount "85"]
[EventDate "2009.07.14"]
[EventType "swiss"]
[EventRounds "9"]
[EventCountry "AUS"]

1. d4 d5 2. c3 Bf5 3. Nf3 e6 4. g3 h6 5. Nbd2 Nf6 6. Nh4 Bh7 7. Bg2 c5 8. Nb3
cxd4 9. Nxd4 Bc5 10. Nhf3 Nc6 11. Qa4 O-O 12. Nxc6 bxc6 13. Qxc6 Rc8 14. Qa4
Qb6 15. O-O Ng4 16. Qxg4 Qb5 17. Bxh6 Bg6 18. Bf4 Qxb2 19. Nh4 Qxc3 20. Nxg6
fxg6 21. Qxg6 Rf6 22. Qg5 Qc2 23. Be5 Rg6 24. Qh5 Bb6 25. Rac1 Bxf2+ 26. Kxf2
Rf8+ 27. Kg1 Rxf1+ 28. Rxf1 Rh6 29. Qe8+ Kh7 30. Rf8 Qc1+ 31. Bf1 Qe3+ 32. Kh1
Qe4+ 33. Bg2 Qb1+ 34. Rf1 Qc2 35. Qf7 Rg6 36. Bf3 Rg5 37. Qxe6 Rf5 38. Qe7 Rxe5
39. Qxe5 Qxa2 40. Bxd5 Qa6 41. Rf5 g6 42. Rf7+ Kh6 43. Qf4+ 1-0

[Event "City of Adelaide"]
[Site "Adelaide"]
[Date "2009.08.11"]
[Round "5.9"]
[White "Atrens, Karlis"]
[Black "Turcaj, Pavel"]
[Result "0-1"]
[WhiteElo "1085"]
[BlackElo "1530"]
[PlyCount "108"]
[EventDate "2009.07.14"]
[EventType "swiss"]
[EventRounds "9"]
[EventCountry "AUS"]

1. c4 e5 2. g3 Nf6 3. Bg2 Nc6 4. Nc3 Bc5 5. e3 d6 6. Nf3 Bg4 7. Qc2 Nb4 8. Qb3
Nd3+ 9. Kf1 Bf5 10. Qxb7 Rb8 11. Qc6+ Bd7 12. Qa6 Bb6 13. Ne1 Nb4 14. Qa3 Bc5
15. Qb3 O-O 16. Qd1 Bf5 17. d3 Qd7 18. a3 Nc6 19. b4 Bb6 20. Na4 Bh3 21. Nxb6
axb6 22. Bb2 Rfe8 23. Qa4 Bxg2+ 24. Kxg2 Ra8 25. Qc2 Qf5 26. Rf1 Qh5 27. c5
bxc5 28. bxc5 Rec8 29. Bc1 Ra5 30. cxd6 cxd6 31. Bd2 Rc5 32. Qb3 Qe2 33. Ra2
Qh5 34. a4 h6 35. a5 e4 36. dxe4 Nxa5 37. Qb6 Nc6 38. Nd3 Rc4 39. f3 Nxe4 40.
fxe4 Qe2+ 41. Rf2 Qxd3 42. Qb7 Qxe4+ 43. Kg1 Rf8 44. Ra8 Nd8 45. Qa7 Qb1+ 46.
Kg2 Qb7+ 47. Qxb7 Nxb7 48. Ra7 Nc5 49. Ba5 Ne4 50. Rf4 Rc2+ 51. Kh3 Ng5+ 52.
Kg4 Rxh2 53. Bc7 Ne6 54. Re4 f5+ 0-1

[Event "City of Adelaide"]
[Site "Adelaide"]
[Date "2009.08.11"]
[Round "5.10"]
[White "Shohani, Ammar"]
[Black "Lower, Kevin"]
[Result "1-0"]
[WhiteElo "1522"]
[BlackElo "1051"]
[PlyCount "77"]
[EventDate "2009.07.14"]
[EventType "swiss"]
[EventRounds "9"]
[EventCountry "AUS"]

1. c4 Nf6 2. Nc3 g6 3. e4 d6 4. f4 e5 5. fxe5 dxe5 6. Nf3 Bg4 7. h3 Bxf3 8.
Qxf3 c5 9. d3 h6 10. Be2 Nc6 11. Be3 Nd4 12. Bxd4 cxd4 13. Nd5 Qa5+ 14. Kf2
Nxd5 15. exd5 Qd8 16. a3 f5 17. Rhf1 Bd6 18. Kg1 Qg5 19. b4 b6 20. c5 bxc5 21.
bxc5 Bxc5 22. Rfc1 Rc8 23. Qf1 O-O 24. Rc4 e4 25. Rac1 Qe7 26. Qd1 exd3 27.
Bxd3 Qe3+ 28. Kh1 Qe8 29. Rxc5 Rxc5 30. Rxc5 Qe3 31. Qe2 Re8 32. Qxe3 Rxe3 33.
d6 Rxd3 34. d7 Rd1+ 35. Kh2 Kf7 36. d8=Q Re1 37. Rc7+ Ke6 38. Re7+ Kf6 39.
Rxe1+ 1-0